000 00734nam a2200181 i 4500
001 166469
003 ES-MaACL
005 20230906213336.0
008 050913s1869 sp |||| |dspa d
080 _a(059)(460)"18"
245 0 0 _aCalendario civil para 1870
_b: formado con los santos mártires y defensores de la independencia y libertad de España /
_ccon notas históricas y críticas por Cipriano Torrejón.
260 _aMadrid :
_b[s.n.],
_c1869 (
_fImp. de José Noguera)
300 _a100 p. ;
_c13 cm.
650 4 _aCalendarios.
_910680
700 1 _aTorrejón, Cipriano.
_9133319
700 1 _aNoguera, José.
_9130510
852 _aES-MaACL
_jT-407-F-15
_z- Enc. hol., falto de cub. original
_z- Enc. en un vol. facticio
999 _c166469
_d166469